Constitución Política de la República de Chile: texto al día. Agosto de 1971
Bewaard in:
| Hoofdauteur: | |
|---|---|
| Andere auteurs: | |
| Formaat: | Boek |
| Taal: | Spaans |
| Gepubliceerd in: |
Santiago
Universitaria
1971
|
| Onderwerpen: | |
| Tags: |
Voeg label toe
Geen labels, Wees de eerste die dit record labelt!
|
MARC
| LEADER | 00000cam a2200000 a 4500 | ||
|---|---|---|---|
| 001 | UCB0108 | ||
| 003 | CL-VaPUC | ||
| 005 | 20250423160735.0 | ||
| 008 | 191213e19710000cl spa d | ||
| 082 | 0 | 4 | |a 342.83 |b CUM |2 21 |
| 100 | 1 | |a Cumplido C., Francisco |e author |9 605422 | |
| 700 | |a Medina Quiroga, Cecilia |e autora |9 760358 | ||
| 245 | 1 | 0 | |a Constitución Política de la República de Chile: texto al día. Agosto de 1971 |
| 260 | |a Santiago |b Universitaria |c 1971 | ||
| 300 | |a 66 p | ||
| 583 | |a last modification |c 20191213 11:48:00 |k Rodrigo Vera | ||
| 650 | 0 | 0 | |a Derecho constitucional chileno |9 478271 |
| 650 | 0 | 0 | |a Constitución política de Chile |9 890575 |
| 942 | |c BK | ||
| 945 | |a cmena |d 20191213 11:48:00 | ||
| 999 | |c 376330 |d 376328 | ||
| 952 | |0 0 |1 0 |2 ddc |3 erb |4 0 |6 342_830000000000000_CUM_1971 |7 0 |8 A |9 495707 |a BIBDER |b BIBDER |e Precht Pizarro, Jorge Enrique |i 5609615 |o 342.83 CUM 1971 |p 5609615 |r 2023-01-25 |w 2020-01-06 |y MX |z Catalogado en:20191213 |k DER | ||